The marketing workbench : Using computers for better performance

Bibliographic Details
Main Author: McCann, John M. (Author)
Format: Book
Language:English
Published: Homewood, Illinois : Dow Jones-Irwin 1986
Subjects:

MARC

LEADER 00000cam a2200000 7i4500
001 0000003246
005 20240926.0
008 991202 ilu eng
020 |a 087094763X 
040 |a INS   |b eng   |e rda 
090 0 0 |a HF5415.13   |b .M26 1986 
100 1 |a McCann, John M. ,   |e author 
245 1 4 |a The marketing workbench :   |b Using computers for better performance   |c John M. McCann 
264 1 |a Homewood, Illinois :   |b Dow Jones-Irwin   |c 1986 
300 |a xi, 259 pages ;   |c 23 cm. 
336 |a text  |2 rdacontent 
337 |a unmediated  |2 rdamedia 
338 |a volume  |2 rdacarrier 
500 |a Includes index 
650 0 |a Marketing 
650 0 |a Marketing management 
999 |a 0000004232   |b BOOK   |c Open Shelf   |e Default branch